From transition to EU accession: the Bulgarian labor market during the 1990s (Record no. 286426)

000 -LEADER
fixed length control field 00631cam a22001817a 4500
008 - FIXED-LENGTH DATA ELEMENTS--GENERAL INFORMATION
fixed length control field 180718b2001 xxu||||| |||| 00| 0 eng d
020 ## - INTERNATIONAL STANDARD BOOK NUMBER
International Standard Book Number 0821349163
082 ## - DEWEY DECIMAL CLASSIFICATION NUMBER
Classification number R1x49 G182
100 ## - MAIN ENTRY--PERSONAL NAME
Personal name Garibaldi, Pietro
245 ## - TITLE STATEMENT
Title From transition to EU accession: the Bulgarian labor market during the 1990s
Statement of responsibility, etc. by Pietro Garibaldi, Mattia Makovec and Gabriella Stoyanova
260 ## - PUBLICATION, DISTRIBUTION, ETC.
Place of publication, distribution, etc. Washington, D.C.
Name of publisher, distributor, etc. World Bank
Date of publication, distribution, etc. 2001
300 ## - PHYSICAL DESCRIPTION
Extent 67p.
440 ## - SERIES STATEMENT/ADDED ENTRY--TITLE
Title World Bank technical paper no. 494
650 ## - SUBJECT ADDED ENTRY--TOPICAL TERM
Topical term or geographic name entry element Industrial relations - Bulgaria
650 ## - SUBJECT ADDED ENTRY--TOPICAL TERM
Topical term or geographic name entry element Labor market - Bulgaria
700 ## - ADDED ENTRY--PERSONAL NAME
Personal name Stoyanova, Gabriella
700 ## - ADDED ENTRY--PERSONAL NAME
Personal name Makovec, Mattia
Holdings
Withdrawn status Lost status Damaged status Not for loan Permanent Location Current Location Date acquired Full call number Barcode Date last seen Price effective from Koha item type
        Indian Institute of Public Administration Indian Institute of Public Administration 2001-08-29 R1x49 G182 WB8979 2018-07-20 2018-07-20 WB

Powered by Koha